000 00536nam a2200169 i 4500
001 104433
003 ES-MaACL
005 20230906183613.0
007 t|
008 051130s1970 sp ||||1| spa d
100 1 _aMiller, Ernest C.
_981205
245 1 0 _aObjetivos y standards de marketing /
_cpor Ernest C. Miller; traducida por Agustín Alonso Fernández.
260 _aMadrid :
_bIberico Europea,
_c1970.
300 _a183 p. ;
_c22 cm.
700 1 _aAlonso Fernández, Agustín.
_920305
852 _aES-MaACL
_jC-45745
_bR.74471
999 _c104433
_d104433